00761nam a2200193 a 450000100100000000500170001000800410002724501280006826000460019630000270024270000250026970000250029470000310031970000380035071000440038895201050043299900170053704000130055400004379820201002044955.0140501s2011 ag a 000 0 spa d00aBorges lector. :bexposición /ccuraduría Mercedes Dip, Laura Rosato, Germán Álvarez; prólogo Horacio González. aArgentina, :bBiblioteca Nacional,c2011. a59 p. :bil. ;c22 cm.12aDip, Mercedes97163212aRosato, Laura97163312aÁlvarez, Germán97163412aGonzález, Horacioeprol.95935012aBiblioteca Nacional de Argentina971635 001050718MOaGRbGRcCTd2014-05-01iLF1l0o p43798-10r2020-06-25w2020-06-25y1ZNo se presta c43287d43287 aDO-SdBNP